Exploring chemical analysis / (Record no. 3903)

MARC details
000 -LEADER
fixed length control field 00547nam a22002057a 4500
003 - CONTROL NUMBER IDENTIFIER
control field OSt
005 - DATE AND TIME OF LATEST TRANSACTION
control field 20160509133301.0
008 - FIXED-LENGTH DATA ELEMENTS--GENERAL INFORMATION
fixed length control field 160509b xxu||||| |||| 00| 0 eng d
020 ## - INTERNATIONAL STANDARD BOOK NUMBER
International Standard Book Number 0716705710
040 ## - CATALOGING SOURCE
Transcribing agency 040a
082 ## - DEWEY DECIMAL CLASSIFICATION NUMBER
Classification number 543
Item number HAR 2005
100 ## - MAIN ENTRY--PERSONAL NAME
Personal name Harris, Daniel C
9 (RLIN) 8281
245 ## - TITLE STATEMENT
Title Exploring chemical analysis /
Statement of responsibility, etc. Daniel C. Harris
250 ## - EDITION STATEMENT
Edition statement 3rd.ed
260 ## - PUBLICATION, DISTRIBUTION, ETC. (IMPRINT)
Place of publication, distribution, etc. New York
Name of publisher, distributor, etc. W. H Freeman and company
Date of publication, distribution, etc. 2005
300 ## - PHYSICAL DESCRIPTION
Extent xiii, 611p;
Other physical details Col.ill :
Dimensions 16 cm
504 ## - BIBLIOGRAPHY, ETC. NOTE
Bibliography, etc Includes index
650 ## - SUBJECT ADDED ENTRY--TOPICAL TERM
Topical term or geographic name as entry element Chemistry
9 (RLIN) 797
942 ## - ADDED ENTRY ELEMENTS (KOHA)
Source of classification or shelving scheme Dewey Decimal Classification
Koha item type Short Loan
Holdings
Withdrawn status Lost status Source of classification or shelving scheme Damaged status Not for loan Home library Current library Date acquired Inventory number Total Checkouts Full call number Barcode Date last seen Price effective from Koha item type
    Dewey Decimal Classification     MUST Main Library MUST Main Library 09/05/2016 2005/23886   543 HAR 2005 2016-1628 09/05/2016 09/05/2016 Short Loan
    Dewey Decimal Classification     MUST Main Library MUST Main Library 09/05/2016 2007/28760   543 HAR 2005 2016-1630 09/05/2016 09/05/2016 Short Loan